|
|
|
|
| LEADER |
00000naa2a2200000 4500 |
| 001 |
671932 |
| 005 |
20240405114645.0 |
| 090 |
|
|
|a 671932
|
| 100 |
|
|
|a 20240402d2023 k||y0rusy50 ca
|
| 101 |
0 |
|
|a rus
|
| 102 |
|
|
|a RU
|
| 135 |
|
|
|a drcn ---uucaa
|
| 200 |
1 |
|
|a Структурно-функциональные особенности глагольного гендиадиса в современном немецком языке
|f Ю. В. Кобенко
|g Национальный исследовательский Томский политехнический университет
|
| 225 |
|
|
|a Актуальные векторы исследований и подходы в современной лингвистике
|
| 320 |
|
|
|a Литература: с. 36
|
| 330 |
|
|
|a В статье рассматриваются формальные и функциональные признаки гендиадисных единиц в классе немецкого глагола. Особенностями глагольного гендиадиса признаны: сочинительная связь элементов, аффирмативность, слабая взаимозаменяемость компонентов и вариативность соединительной части; синонимичность компонентов и возможность использования клише во вложенных конструкциях
|
| 336 |
|
|
|a Текстовый файл
|
| 463 |
|
|
|0 670681
|t Язык. Общество. Образование
|o сборник научных трудов IV Международной научно-практической конференции «Лингвистические и культурологические аспекты современного инженерного образования» памяти кандидата педагогических наук, доцента Н.А. Качалова, Томск, 15-17 ноября 2023 г.
|v С. 30-36
|d 2023
|9 670681
|a Кобенко, Ю. В. (лингвист ; 1977-)
|c Томск
|n Изд-во ТПУ
|p 1 файл (6,11 Мб, 273 с.)
|u conference_tpu-2023-C85_V2.pdf
|
| 610 |
1 |
|
|a электронный ресурс
|
| 610 |
1 |
|
|a труды учёных ТПУ
|
| 610 |
1 |
|
|a современный немецкий язык
|
| 610 |
1 |
|
|a глагольный гендиадис
|
| 610 |
1 |
|
|a аллитерация
|
| 610 |
1 |
|
|a рифмование
|
| 610 |
1 |
|
|a ассонанс
|
| 610 |
1 |
|
|a редупликация
|
| 700 |
|
1 |
|a Кобенко
|b Ю. В.
|c лингвист
|c профессор Томского политехнического университета, доктор филологических наук
|f 1977-
|g Юрий Викторович
|9 10988
|
| 712 |
0 |
2 |
|a Национальный исследовательский Томский политехнический университет
|c (2009- )
|9 26305
|
| 801 |
|
2 |
|a RU
|b 63413507
|c 20240402
|g RCR
|
| 856 |
4 |
|
|u http://earchive.tpu.ru/handle/11683/77935
|z http://earchive.tpu.ru/handle/11683/77935
|
| 942 |
|
|
|c CF
|